| 000 | 00501nam a2200109Ia 4500 | ||
|---|---|---|---|
| 008 | 160909s9999 xx 000 0 und d | ||
| 100 | _aVakili, Arezou. | ||
| 245 | _aFraming of race by local and national newspapers in the Baltimore unrest. An analysis of <i>The New York Times</i> and <i>The Baltimore Sun</i>'s coverage of Freddie Gray's race | ||
| 260 |
_bSouthern Illinois University at Edwardsville _c2016 |
||
| 650 | _aMASS COM | ||
| 856 | _uhttp://pqdtopen.proquest.com/doc/1806524756.html?FMT=ABS | ||
| 999 |
_c304169 _d304169 |
||